| 000 | 00458nmm a2200169Ia 4500 | ||
|---|---|---|---|
| 008 | 251105s9999||||xx |||||||||||||||||und|| | ||
| 020 | _a9788415216469 | ||
| 041 | _aspa | ||
| 100 | _aFrance, Anatole | ||
| 245 | 0 | _aLa isla de los pingüinos | |
| 264 |
_a[Madrid, España] : _bMontesinos, _c2013 |
||
| 300 | _a290 páginas | ||
| 490 | _aNarrativa | ||
| 650 | _aFrench narrative | ||
| 856 | _uhttps://public.digitaliapublishing.com/a/24358 | ||
| 942 | _cCF | ||
| 999 |
_c76539 _d76539 |
||